|
|
|
|
| LEADER |
01008nam a2200373 4500 |
| 001 |
DLU110129143 |
| 005 |
##20111216 |
| 008 |
##101209s2011 ne a b 000 0 eng |
| 010 |
# |
# |
|a 2010047487
|
| 020 |
# |
# |
|a 9780123849885
|
| 040 |
# |
# |
|a DLC
|c DLC
|d DLC
|
| 042 |
# |
# |
|a pcc
|
| 082 |
# |
# |
|a 006.6
|b GPU
|
| 245 |
# |
# |
|a GPU computing gems.
|n vol.I /
|c editor, Wen-mei W. Hwu.
|
| 260 |
# |
# |
|a Amsterdam ;
|a Burlington, MA :
|b Elsevier,
|c c2011.
|
| 300 |
# |
# |
|a xx, 865 p. :
|b ill. ;
|c 25 cm.
|
| 504 |
# |
# |
|a Includes bibliographical references.
|
| 650 |
# |
# |
|a Computer graphics.
|
| 650 |
# |
# |
|a Graphics processing units
|x Programming.
|
| 650 |
# |
# |
|a Image processing
|x Digital techniques.
|
| 650 |
# |
# |
|a Imaging systems.
|
| 700 |
# |
# |
|a Hwu, Wen-mei.
|
| 923 |
# |
# |
|a 19/2011
|
| 990 |
# |
# |
|a vol.I
|
| 991 |
# |
# |
|a GT
|
| 992 |
# |
# |
|a 1772057
|
| 994 |
# |
# |
|a DLU
|
| 900 |
# |
# |
|a True
|
| 911 |
# |
# |
|a Đào Thị Thu Huyền
|
| 925 |
# |
# |
|a G
|
| 926 |
# |
# |
|a A
|
| 927 |
# |
# |
|a SH
|
| 980 |
# |
# |
|a Thư viện Trường Đại học Đà Lạt
|